000 00529nam a2200217Ia 4500
003 OSt
005 20221005131144.0
006 a|||||r|||| 00| 0
007 ta
008 221004b |||||||| |||| 00| 0 per d
024 _a6091
037 _cTextual
040 _aCRL
_cCRL
_bper
041 _2per
_aper
082 _aO164,1G07w, N38
100 _aHussain
_9211193
245 0 _aShakhsiyat Maulvi Roomi
260 _c1938
942 _hO164,1G07w, N38
_cTEXL
_2cc
999 _c1059487
_d1059487